000 00708nam a2200241Ia 4500
005 20250425162845.0
008 250425s9999 xx 000 0 und d
020 _a9789500201391
041 _z
_hspa
082 _a612.3
_pGIR
100 _aDe Girolami, Daniel Horacio
245 0 _aClinica y Terapeutica en la Nutrición del Adulto
_cDaniel Horacio de Girolami; Carlos A. Gonzalez Infantino
250 _a1A. ED.
260 _aBuenos aires
_bEl Ateneo
_c2008
300 _a671 páginas
_c26 cm.
500 _aIncluye índice
504 _abibliografía
650 _aClínica y Terapéutica
650 _aNutrición
700 _aGonzález Infantino, Carlos
942 _c01
010 _a117139
999 _c237860
_d237860